| 000 | 00677nam a2200241Ia 4500 | ||
|---|---|---|---|
| 005 | 20260429111858.0 | ||
| 008 | 260429s9999||||xx |||||||||||||| ||und|| | ||
| 020 | _a9781646466207 | ||
| 041 | _aEnglish | ||
| 082 |
_a612.044 _bBOW |
||
| 100 | _aBowen, Joseph | ||
| 245 | 0 |
_aSports biomechanics : _boptimizing human performance / _cJoseph Bowen |
|
| 260 |
_aNew York : _bFoster Academics, _c2023. |
||
| 300 | _aix, 241 p.; hb | ||
| 650 | _a Athletic performance | ||
| 650 | _a Exercise physiology | ||
| 650 | _a Human movement | ||
| 650 | _a Kinesiology | ||
| 650 | _a Motion analysis | ||
| 650 | _a Sports science | ||
| 650 | _aSports biomechanics | ||
| 942 | _cTB | ||
| 999 |
_c51248 _d51248 |
||